Statistics for FIBA Basketball World Cup Winners

Click here to take the quiz!

General Stats

  • This quiz has been taken 17 times
  • The average score is 15 of 18

Answer Stats

yearwinners% Correct
1954 | 1978 | 1986 | +3 othersUSA
100%
2006 | 2019Spain
100%
1950Argentina
76%
1967 | 1974Soviet Union
76%
1959 | 1963BRAZIL
71%
1970 | 1982 | 1990 | +2 othersYugoslavia
71%

Score Distribution

Percentile by Number Answered

Percent of People with Each Score

Your Score History

You have not taken this quiz